[Event "BOL-ch sf (Women)"]
[Site "La Paz"]
[Date "2021.07.24"]
[Round "6"]
[White "Mamani, Anahi"]
[Black "Accinelli, Itzel"]
[Result "1-0"]
[WhiteElo "1832"]
[BlackElo "1286"]
[PlyCount "65"]
[EventDate "2021.07.22"]
[EventType "swiss"]
[EventRounds "7"]
[EventCountry "BOL"]
[SourceTitle "EXT 2022"]
[Source "ChessBase"]
[SourceDate "2021.10.06"]
[SourceVersion "1"]
[SourceVersionDate "2021.10.06"]
[SourceQuality "1"]

1. e4 d5 2. exd5 Qxd5 3. Nc3 Qa5 4. d4 c6 5. Bd2 Qc7 6. Bc4 Nf6 7. Qe2 Bf5 8. Nf3 e6 9. h3 Bd6 10. g4 Bg6 11. Ne5 Nbd7 12. f4 0-0-0 13. a3 h5 14. g5 Nd5 15. Bxd5 exd5 16. Qf3 Rde8 17. 0-0-0 Qa5 18. f5 Bxe5 19. fxg6 Bxd4 20. gxf7 Ref8 21. Ne2 Qb6 22. Nxd4 Qxd4 23. Bc3 Qc5 24. Bxg7 d4 25. Bxh8 Qxg5+ 26. Kb1 Rxh8 27. Rxd4 Rf8 28. Qf4 Qa5 29. Rhd1 Nc5 30. Rd8+ Rxd8 31. Rxd8+ Kxd8 32. f8Q+ Kd7 33. Q4d6# 1-0

[Event "BOL-ch sf (Women)"]
[Site "La Paz"]
[Date "2021.07.23"]
[Round "4"]
[White "Mamani, Anahi"]
[Black "Coro, Soledad"]
[Result "1-0"]
[WhiteElo "1832"]
[BlackElo "1774"]
[PlyCount "111"]
[EventDate "2021.07.22"]
[EventType "swiss"]
[EventRounds "7"]
[EventCountry "BOL"]
[SourceTitle "EXT 2022"]
[Source "ChessBase"]
[SourceDate "2021.10.06"]
[SourceVersion "1"]
[SourceVersionDate "2021.10.06"]
[SourceQuality "1"]

1. e4 g6 2. d4 Bg7 3. c4 c5 4. Nf3 Na6 5. Nc3 d6 6. Be3 Bg4 7. Be2 Bd7 8. Qd2 b6 9. h3 Nc7 10. 0-0 cxd4 11. Nxd4 Nf6 12. f4 0-0 13. f5 Rc8 14. Rf4 e5 15. fxe6 fxe6 16. Nf3 Qe7 17. Rh4 Nce8 18. g4 Bc6 19. g5 Nd7 20. Bd4 Ne5 21. Bxe5 Bxe5 22. Nxe5 dxe5 23. Qe3 Rd8 24. Rd1 Nd6 25. b3 Rf7 26. Qg3 Rf4 27. Rxf4 exf4 28. Qxf4 e5 29. Qg4 Nf7 30. h4 Qc5+ 31. Kg2 Rf8 32. Rf1 Qd4 33. Nd5 Bxd5 34. exd5 Qd2 35. a4 Qe3 36. Qf3 Qd4 37. Kg3 Qc5 38. Bd3 Qd6 39. Be4 a5 40. Qc3 Qc5 41. Qf3 Qd4 42. h5 Qd2 43. hxg6 Qxg5+ 44. Qg4 Qxg4+ 45. Kxg4 hxg6 46. Rf6 Nh6+ 47. Kg5 Rxf6 48. Kxf6 Ng4+ 49. Kxg6 Nf2 50. Kf5 Kf7 51. Kxe5 Ke7 52. d6+ Kd8 53. Bf5 Nd1 54. Kd4 Ke8 55. Bc2 Nf2 56. Kd5 1-0

[Event "BOL-ch sf (Women)"]
[Site "La Paz"]
[Date "2021.07.22"]
[Round "2"]
[White "Mamani, Anahi"]
[Black "Ramallo Aguilar, Ariadne Ricela"]
[Result "1-0"]
[WhiteElo "1832"]
[BlackElo "1311"]
[PlyCount "79"]
[EventDate "2021.07.22"]
[EventType "swiss"]
[EventRounds "7"]
[EventCountry "BOL"]
[SourceTitle "EXT 2022"]
[Source "ChessBase"]
[SourceDate "2021.10.06"]
[SourceVersion "1"]
[SourceVersionDate "2021.10.06"]
[SourceQuality "1"]

1. e4 c5 2. Nc3 e6 3. f4 a6 4. a4 d5 5. d3 Nc6 6. Nf3 Nf6 7. Qe2 Be7 8. h3 d4 9. Nd1 Qa5+ 10. Bd2 Nb4 11. Bxb4 Qxb4+ 12. c3 Qa5 13. g4 b5 14. Bg2 Bb7 15. 0-0 0-0 16. Kh2 Qc7 17. Qd2 dxc3 18. Nxc3 bxa4 19. Nxa4 Rfd8 20. Qe3 Rd7 21. Rac1 Rad8 22. Rc3 Bc6 23. Nxc5 Bxc5 24. Rxc5 Qb6 25. Ne5 Rd6 26. Nc4 Qb7 27. Nxd6 Rxd6 28. Rfc1 h6 29. e5 Nd5 30. Bxd5 Rxd5 31. Rxc6 Qxb2+ 32. R1c2 Qa1 33. Qe4 g6 34. Qb4 Rxd3 35. Rc8+ Kh7 36. Rh8+ Kxh8 37. Qf8+ Kh7 38. Qxf7+ Kh8 39. Rc8+ Rd8 40. Rxd8# 1-0

[Event "BOL-ch (Women)"]
[Site "La Paz"]
[Date "2020.01.20"]
[Round "6"]
[White "Mamani, Anahi"]
[Black "Ramirez, Maria Eugenia"]
[Result "1/2-1/2"]
[WhiteElo "1784"]
[BlackElo "2079"]
[PlyCount "72"]
[EventDate "2020.01.18"]
[EventType "tourn"]
[EventRounds "7"]
[EventCountry "BOL"]
[SourceTitle "CBM 194 Extra"]
[Source "ChessBase"]
[SourceDate "2020.03.31"]
[SourceVersion "1"]
[SourceVersionDate "2020.03.31"]
[SourceQuality "1"]

1. e4 e5 2. Bc4 Nf6 3. Qe2 Nc6 4. c3 Be7 5. d3 d5 6. Bb3 Be6 7. Bc2 Qd7 8. Nf3 dxe4 9. dxe4 h6 10. h3 a6 11. a4 Bd6 12. Be3 Na5 13. Nbd2 c5 14. 0-0 Rc8 15. Rac1 c4 16. Bb6 Nb3 17. Bxb3 cxb3 18. a5 0-0 19. c4 Qc6 20. c5 Bc7 21. Bxc7 Qxc7 22. Qe3 Qxa5 23. Nxe5 Qb4 24. Nd3 Qb5 25. Nf4 Rfe8 26. Nxe6 Rxe6 27. f3 Rd8 28. Nc4 Ne8 29. Rc3 f5 30. Na3 Qa4 31. Rc4 Qc6 32. Qxb3 f4 33. Rfc1 Kh7 34. Rd1 Qc7 35. Qc2 Re5 36. Rd5 Nf6 1/2-1/2

[Event "BOL-ch (Women)"]
[Site "La Paz"]
[Date "2020.01.19"]
[Round "3"]
[White "Mamani, Anahi"]
[Black "Molina, Jessica"]
[Result "0-1"]
[WhiteElo "1784"]
[BlackElo "1837"]
[PlyCount "86"]
[EventDate "2020.01.18"]
[EventType "tourn"]
[EventRounds "7"]
[EventCountry "BOL"]
[SourceTitle "CBM 194 Extra"]
[Source "ChessBase"]
[SourceDate "2020.03.31"]
[SourceVersion "1"]
[SourceVersionDate "2020.03.31"]
[SourceQuality "1"]

1. e4 e6 2. d4 d5 3. e5 c5 4. c3 Nc6 5. Nf3 Bd7 6. a3 c4 7. Nbd2 b5 8. b4 a5 9. Bb2 Be7 10. g3 Qc7 11. Rc1 Nh6 12. h4 f6 13. Qe2 axb4 14. cxb4 f5 15. Ng5 g6 16. Ndf3 Nxb4 17. axb4 Bxb4+ 18. Bc3 Bxc3+ 19. Rxc3 Ra1+ 20. Kd2 b4 21. Rxc4 Qxc4 22. Qxc4 dxc4 23. Bxc4 Rxh1 24. Bxe6 Bxe6 25. Nxe6 Ke7 26. d5 Nf7 27. Ned4 Rc8 28. Nc6+ Rxc6 29. dxc6 Ra1 30. c7 Ra8 31. Kc2 Rc8 32. Kb3 Rxc7 33. Kxb4 Ke6 34. Kb3 Nxe5 35. Nd4+ Kd5 36. Nb5 Rb7 37. Ka4 Rxb5 38. Kxb5 Ng4 39. f3 Nh2 40. g4 Nxg4 41. fxg4 fxg4 42. Kb4 g3 43. Kc3 g2 0-1

[Event "BOL-ch (Women)"]
[Site "La Paz"]
[Date "2020.01.19"]
[Round "4"]
[White "Prado, Alexandra"]
[Black "Mamani, Anahi"]
[Result "0-1"]
[WhiteElo "1878"]
[BlackElo "1784"]
[PlyCount "96"]
[EventDate "2020.01.18"]
[EventType "tourn"]
[EventRounds "7"]
[EventCountry "BOL"]
[SourceTitle "CBM 194 Extra"]
[Source "ChessBase"]
[SourceDate "2020.03.31"]
[SourceVersion "1"]
[SourceVersionDate "2020.03.31"]
[SourceQuality "1"]

1. e4 c5 2. Nc3 Nc6 3. g3 e6 4. Bg2 Nf6 5. f4 d5 6. e5 Nd7 7. d3 a6 8. Nf3 d4 9. Ne4 b5 10. Nd6+ Bxd6 11. exd6 Ra7 12. 0-0 Bb7 13. f5 e5 14. Ng5 Nf6 15. Ne4 Nxe4 16. Bxe4 Qxd6 17. f6 g6 18. Bh6 Nd8 19. Bxb7 Rxb7 20. Bg7 Rg8 21. Qf3 Rc7 22. a4 b4 23. Rae1 c4 24. Qe4 Rc5 25. dxc4 Kd7 26. b3 h5 27. Rd1 Kc7 28. Rf2 Qc6 29. Qe1 Ne6 30. Re2 Nxg7 31. fxg7 f6 32. Qxb4 Rxg7 33. Qe1 Rd7 34. Red2 Rh7 35. Rd3 Qb6 36. Rf3 a5 37. Kf1 f5 38. Rfd3 Qc6 39. Kg1 Qb6 40. Qd2 Rc6 41. Qg5 Rd6 42. Kf1 Rhd7 43. Qc1 e4 44. R3d2 Qc6 45. Qb2 e3 46. Rxd4 Qf3+ 47. Kg1 Qf2+ 48. Kh1 Rxd4 0-1

[Event "South America-ch U18 Girls 16th"]
[Site "Buenos Aires"]
[Date "2019.12.04"]
[Round "6.3"]
[White "Borda Rodas, Anapaola S"]
[Black "Mamani, Anahi"]
[Result "1-0"]
[WhiteElo "2079"]
[BlackElo "1762"]
[PlyCount "63"]
[EventDate "2019.12.01"]
[EventType "swiss"]
[EventRounds "9"]
[EventCountry "ARG"]
[SourceTitle "EXT 2024"]
[Source "ChessBase"]
[SourceDate "2023.10.10"]
[SourceVersion "1"]
[SourceVersionDate "2023.10.10"]
[SourceQuality "1"]

1. d4 Nf6 2. Bg5 Ne4 3. Bf4 g6 4. f3 Nf6 5. e4 d6 6. Nc3 Bg7 7. Qd2 0-0 8. 0-0-0 c6 9. g4 b5 10. h4 h5 11. gxh5 Nxh5 12. Bh6 Qa5 13. Kb1 Be6 14. d5 cxd5 15. Bxg7 Kxg7 16. exd5 Bd7 17. Qd4+ Kg8 18. Bd3 b4 19. Ne4 Qb6 20. Ne2 Qxd4 21. Nxd4 Nf4 22. Rdg1 Nxd3 23. cxd3 Kg7 24. h5 Rh8 25. f4 Na6 26. f5 Rh6 27. hxg6 fxg6 28. Rxh6 Kxh6 29. Rxg6+ Kh5 30. Nf3 Bxf5 31. Rg5+ Kh6 32. Rxf5 1-0

[Event "South America-ch U18 Girls 16th"]
[Site "Buenos Aires"]
[Date "2019.12.02"]
[Round "3.5"]
[White "Mamani, Anahi"]
[Black "Mostacero Velarde, Isabella Maribel"]
[Result "0-1"]
[WhiteElo "1762"]
[BlackElo "1824"]
[PlyCount "102"]
[EventDate "2019.12.01"]
[EventType "swiss"]
[EventRounds "9"]
[EventCountry "ARG"]
[SourceTitle "EXT 2024"]
[Source "ChessBase"]
[SourceDate "2023.10.10"]
[SourceVersion "1"]
[SourceVersionDate "2023.10.10"]
[SourceQuality "1"]

1. e4 c5 2. Nf3 e6 3. d3 d5 4. Nbd2 Nc6 5. g3 Bd6 6. Bg2 Nge7 7. 0-0 0-0 8. Nh4 e5 9. exd5 Nb4 10. c4 Nxd3 11. Qe2 Nxc1 12. Raxc1 f5 13. f4 exf4 14. gxf4 Kh8 15. Qf2 Rf6 16. Rc3 Rh6 17. Re1 Ng8 18. Rh3 Bd7 19. Re5 Qa5 20. Ra3 Qc7 21. Ndf3 Nf6 22. Ng5 Rf8 23. Qe1 Ng4 24. Nhf3 Rg6 25. h4 h6 26. Nh3 Nf6 27. Rae3 Nh5 28. Qf2 Rg4 29. Nh2 Nxf4 30. Nxf4 Bxe5 31. Rxe5 Qxe5 32. Nxg4 Qe8 33. Ne3 g5 34. hxg5 hxg5 35. Nd3 f4 36. Nd1 Qh5 37. Nc3 f3 38. Ne5 Bg4 39. Ne4 Rf4 40. Ng3 Qe8 41. Nxf3 Qf8 42. Ne2 Rf5 43. d6 Qxd6 44. Qe3 Qf6 45. Qe8+ Kg7 46. Qd7+ Kh6 47. Ng3 Rf4 48. Qd3 Bxf3 49. Qd2 Bxg2 50. Qxg2 Qd4+ 51. Kh2 Rh4+ 0-1

[Event "Pan American-ch U20 Girls"]
[Site "Cochabamba"]
[Date "2019.08.05"]
[Round "8"]
[White "Vargas D, Crystel"]
[Black "Mamani, Anahi"]
[Result "0-1"]
[WhiteElo "1686"]
[BlackElo "1813"]
[PlyCount "115"]
[EventDate "2019.08.01"]
[EventType "swiss"]
[EventRounds "9"]
[EventCountry "BOL"]
[SourceTitle "EXT 2021"]
[Source "ChessBase"]
[SourceDate "2020.10.23"]
[SourceVersion "1"]
[SourceVersionDate "2020.10.23"]
[SourceQuality "1"]

1. d4 Nf6 2. Nf3 g6 3. Bf4 Bg7 4. e3 d6 5. Bd3 0-0 6. 0-0 Nfd7 7. c3 e5 8. Bg3 f5 9. Bc4+ Kh8 10. Bh4 Qe8 11. dxe5 dxe5 12. Ng5 Nb6 13. Nf7+ Rxf7 14. Bxf7 Qxf7 15. Qd8+ Qf8 16. Qxc7 Na6 17. Qe7 Qxe7 18. Bxe7 Be6 19. Rd1 Kg8 20. Rd8+ Rxd8 21. Bxd8 Nd5 22. Na3 Kf8 23. Nb5 Ke8 24. Bh4 h6 25. e4 fxe4 26. Nd6+ Kd7 27. Nxe4 g5 28. Bg3 Bf5 29. Re1 Bxe4 30. Rxe4 Nc5 31. Re2 Ke6 32. f3 Nd3 33. Rd2 N3f4 34. Kf2 Bf8 35. Ke1 Bc5 36. Bxf4 gxf4 37. g3 b5 38. gxf4 Nxf4 39. Kd1 Bb6 40. Kc2 Nd5 41. Kd3 Kf5 42. Ke2 Nf4+ 43. Kf1 Ke6 44. Rd1 Nd5 45. Ke2 a5 46. Kd3 Kf5 47. c4 bxc4+ 48. Ke2 Bd4 49. Rc1 c3 50. bxc3 Nxc3+ 51. Kd3 Nxa2 52. Rb1 Nb4+ 53. Ke2 Kf4 54. Rb3 Nd5 55. Rb8 Nc3+ 56. Kf1 Kxf3 57. Rf8+ Ke4 58. Rf6 0-1

[Event "Pan American-ch U20 Girls"]
[Site "Cochabamba"]
[Date "2019.08.03"]
[Round "4"]
[White "Mamani, Anahi"]
[Black "Monroy Garzon, Nataly Alejandra"]
[Result "0-1"]
[WhiteElo "1813"]
[BlackElo "1921"]
[PlyCount "100"]
[EventDate "2019.08.01"]
[EventType "swiss"]
[EventRounds "9"]
[EventCountry "BOL"]
[SourceTitle "EXT 2020"]
[Source "ChessBase"]
[SourceDate "2019.10.17"]
[SourceVersion "1"]
[SourceVersionDate "2019.10.17"]
[SourceQuality "1"]

1. e4 c5 2. Nf3 Nc6 3. d3 g6 4. g3 Bg7 5. Bg2 e6 6. 0-0 Nge7 7. c3 d5 8. Nbd2 0-0 9. Re1 b6 10. Nf1 Bb7 11. e5 b5 12. d4 Qc7 13. Bf4 b4 14. Rc1 c4 15. cxb4 Nxb4 16. a3 Nbc6 17. h4 Qb6 18. b3 cxb3 19. Rb1 Na5 20. N1d2 Bc6 21. Nxb3 Ba4 22. Nfd2 Rab8 23. Re3 Nf5 24. Rd3 Nc4 25. Qc1 Nxd2 26. Nxd2 Qa6 27. Rxb8 Rxb8 28. Bf1 Bb5 29. Rb3 Nxd4 30. Rb4 Nc6 31. Rxb5 Rxb5 32. a4 Qxa4 33. Qxc6 Ra5 34. Qc8+ Bf8 35. Qd8 Qb4 36. Bh6 Ra3 37. Kg2 Ra2 38. Nf3 Qc5 39. Nd4 a5 40. Qe8 a4 41. Be2 Qe7 42. Qb8 a3 43. Bg4 Qc5 44. Qe8 Rb2 45. Bxe6 Rb7 46. Bxd5 Qxd5+ 47. Nf3 Qc5 48. Ng5 Qe7 49. Qa8 Ra7 50. Qb8 Qb7+ 0-1

[Event "Pan American-ch U20 Girls"]
[Site "Cochabamba"]
[Date "2019.08.02"]
[Round "2"]
[White "Mamani, Anahi"]
[Black "Vazquez Maccarini, Danitza"]
[Result "0-1"]
[WhiteElo "1813"]
[BlackElo "2080"]
[PlyCount "112"]
[EventDate "2019.08.01"]
[EventType "swiss"]
[EventRounds "9"]
[EventCountry "BOL"]
[SourceTitle "EXT 2020"]
[Source "ChessBase"]
[SourceDate "2019.10.17"]
[SourceVersion "1"]
[SourceVersionDate "2019.10.17"]
[SourceQuality "1"]

1. e4 e5 2. Nf3 Nc6 3. Bc4 Bc5 4. c3 Nf6 5. d3 d6 6. Bb3 a6 7. a4 Ba7 8. 0-0 h6 9. Be3 0-0 10. h3 Ne7 11. Nbd2 Ng6 12. d4 Re8 13. Qc2 Qe7 14. Rfe1 Nh5 15. dxe5 dxe5 16. Nf1 Nhf4 17. Bxa7 Rxa7 18. Ne3 Qf6 19. Nh2 Nh4 20. f3 Qg5 21. Kh1 a5 22. Bc4 Be6 23. Bf1 Rd8 24. Qf2 Nh5 25. Neg4 Raa8 26. g3 Ng6 27. h4 Qd2 28. Kg2 Qxf2+ 29. Kxf2 Rd2+ 30. Re2 Rad8 31. Ne3 Rxe2+ 32. Bxe2 Rd2 33. Rd1 Rxb2 34. Nhf1 Ra2 35. Nd5 c6 36. Nb6 Rb2 37. Nd7 Bc4 38. Re1 b5 39. axb5 cxb5 40. Nb6 Be6 41. Ne3 Ne7 42. Nbd5 Kf8 43. Nc7 b4 44. cxb4 axb4 45. Rd1 Nc6 46. Nxe6+ fxe6 47. Nc4 Ra2 48. Rd2 b3 49. Nb2 Nd4 50. f4 Nxe2 51. Rxe2 exf4 52. g4 Ng3 53. Rd2 Nxe4+ 54. Ke2 Nxd2 55. Kxd2 Rxb2+ 56. Kc3 Rb1 0-1

[Event "La Paz Clasification op 1st"]
[Site "La Paz"]
[Date "2018.02.03"]
[Round "6"]
[White "Mamani, Anahi"]
[Black "Filipps, Yamil"]
[Result "0-1"]
[WhiteElo "1847"]
[BlackElo "2134"]
[PlyCount "108"]
[EventDate "2018.02.01"]
[EventType "swiss"]
[EventRounds "8"]
[EventCountry "BOL"]
[SourceTitle "CBM 182 Extra"]
[Source "ChessBase"]
[SourceDate "2018.02.23"]
[SourceVersion "1"]
[SourceVersionDate "2018.02.23"]
[SourceQuality "1"]

1. e4 d6 2. d4 Nf6 3. Nc3 g6 4. f4 Bg7 5. Nf3 0-0 6. Bd3 Na6 7. 0-0 c5 8. Bxa6 cxd4 9. Nxd4 bxa6 10. h3 Qb6 11. Be3 Qxb2 12. Qd3 Qb8 13. Rab1 Qc7 14. Rb4 Be6 15. Nxe6 fxe6 16. Ne2 Rfc8 17. Rc1 a5 18. Ra4 Qc6 19. Qb3 Kh8 20. Nd4 Qxe4 21. Nxe6 Qd5 22. Nxg7 Kxg7 23. Bd4 Qxb3 24. axb3 Kf7 25. Bxf6 Kxf6 26. Rxa5 Rc3 27. Kh2 h5 28. h4 a6 29. Ra4 d5 30. Ra5 e6 31. Ra2 Rac8 32. Rxa6 Rxc2 33. Re1 R8c6 34. Rxc6 Rxc6 35. Rb1 Kf5 36. g3 Kg4 37. Rb2 d4 38. Rd2 Rc3 39. b4 d3 40. Kg1 Kxg3 41. Rd1 Kxf4 42. b5 Rb3 43. b6 e5 44. b7 e4 45. Rf1+ Kg3 46. Kh1 Rxb7 47. Rg1+ Kh3 48. Rd1 Rb2 49. Re1 d2 50. Re3+ Kg4 51. Rxe4+ Kf3 52. Rd4 Rb1+ 53. Kh2 d1Q 54. Rxd1 Rxd1 0-1

[Event "South America School-ch 33rd"]
[Site "Cochabamba"]
[Date "2017.12.08"]
[Round "8.2"]
[White "Gomez Vasquez, Laura Sofia"]
[Black "Mamani, Anahi"]
[Result "1/2-1/2"]
[WhiteElo "1578"]
[BlackElo "1837"]
[PlyCount "120"]
[EventDate "2017.12.05"]
[EventType "team-tourn"]
[EventRounds "9"]
[EventCountry "BOL"]
[SourceTitle "CBM 182 Extra"]
[Source "ChessBase"]
[SourceDate "2018.02.23"]
[SourceVersion "1"]
[SourceVersionDate "2018.02.23"]
[SourceQuality "1"]
[WhiteTeam "Colombia"]
[BlackTeam "Bolivia"]
[WhiteTeamCountry "COL"]
[BlackTeamCountry "BOL"]

1. e4 c5 2. Nf3 Nc6 3. d4 cxd4 4. Nxd4 Nf6 5. Nc3 g6 6. Be3 Bg7 7. Bc4 0-0 8. Bb3 d6 9. f3 Bd7 10. Qd2 Qa5 11. 0-0-0 Rfc8 12. Kb1 Ne5 13. h4 Nc4 14. Bxc4 Rxc4 15. Nb3 Qa6 16. Bd4 Rac8 17. h5 Be6 18. hxg6 fxg6 19. Qe3 b5 20. Rd2 Bf7 21. e5 b4 22. exf6 bxc3 23. Bxc3 Rxc3 24. bxc3 Bxf6 25. Rd4 Bxd4 26. Qxd4 Qc4 27. Kb2 Qxd4 28. cxd4 Kg7 29. Re1 Rc7 30. c3 g5 31. Kc2 Bg6+ 32. Kb2 Kf6 33. g4 h5 34. gxh5 Bxh5 35. Rf1 Kf5 36. Nd2 d5 37. Re1 Kf4 38. Re5 Rd7 39. Ka3 Rc7 40. Kb3 Rb7+ 41. Ka3 Rd7 42. Kb3 Bf7 43. Kb2 e6 44. Kb3 Bg8 45. Kb2 Rh7 46. c4 Rh2 47. Kc3 dxc4 48. Re4+ Kf5 49. Nxc4 Rxa2 50. Re5+ Kf6 51. Ne3 Kg6 52. Kd3 Rf2 53. Ke4 Ra2 54. f4 gxf4 55. Kxf4 Rf2+ 56. Kg3 Rd2 57. Ra5 Rxd4 58. Rxa7 Rd3 59. Kf4 Rd8 60. Ke5 Rb8 1/2-1/2

[Event "South America School-ch 33rd"]
[Site "Cochabamba"]
[Date "2017.12.06"]
[Round "3.2"]
[White "Kaslan, Victoria"]
[Black "Mamani, Anahi"]
[Result "0-1"]
[WhiteElo "1316"]
[BlackElo "1837"]
[PlyCount "66"]
[EventDate "2017.12.05"]
[EventType "team-tourn"]
[EventRounds "9"]
[EventCountry "BOL"]
[SourceTitle "CBM 182 Extra"]
[Source "ChessBase"]
[SourceDate "2018.02.23"]
[SourceVersion "1"]
[SourceVersionDate "2018.02.23"]
[SourceQuality "1"]
[WhiteTeam "Surinam"]
[BlackTeam "Bolivia"]
[WhiteTeamCountry "SUR"]
[BlackTeamCountry "BOL"]

1. e4 c5 2. Nf3 Nc6 3. d4 cxd4 4. Nxd4 g6 5. Nc3 Bg7 6. Be3 Nf6 7. f3 0-0 8. Qd2 d5 9. 0-0-0 dxe4 10. Nxe4 Nxe4 11. fxe4 Bxd4 12. Bxd4 Bg4 13. Be2 Bxe2 14. Qxe2 Nxd4 15. Qf2 e5 16. c3 Qc7 17. Kb1 Ne6 18. Rhe1 Rfd8 19. Qf3 Rxd1+ 20. Rxd1 Rd8 21. a3 Rxd1+ 22. Qxd1 Qd8 23. Qf3 Nc5 24. Kc2 Qh4 25. Qe3 Qxe4+ 26. Qxe4 Nxe4 27. Kd3 f5 28. g3 Kg7 29. Ke3 Kf6 30. Kf3 Nd2+ 31. Ke3 Nc4+ 32. Kf3 Nxb2 33. Ke2 Nc4 0-1

[Event "South America School-ch 33rd"]
[Site "Cochabamba"]
[Date "2017.12.06"]
[Round "5.2"]
[White "Mamani, Anahi"]
[Black "Pomayay Camacllanqui, Sasha Marlu"]
[Result "1-0"]
[WhiteElo "1837"]
[BlackElo "1495"]
[PlyCount "105"]
[EventDate "2017.12.05"]
[EventType "team-tourn"]
[EventRounds "9"]
[EventCountry "BOL"]
[SourceTitle "CBM 182 Extra"]
[Source "ChessBase"]
[SourceDate "2018.02.23"]
[SourceVersion "1"]
[SourceVersionDate "2018.02.23"]
[SourceQuality "1"]
[WhiteTeam "Bolivia"]
[BlackTeam "Peru"]
[WhiteTeamCountry "BOL"]
[BlackTeamCountry "PER"]

1. e4 c5 2. Nf3 d6 3. d4 cxd4 4. Nxd4 Nf6 5. Nc3 a6 6. Bg5 e6 7. f4 Qb6 8. Qd2 Qxb2 9. Rb1 Qa3 10. Bc4 h6 11. Bh4 Be7 12. Bf2 Qa5 13. Nf3 Nbd7 14. 0-0 0-0 15. h3 Qc7 16. Bd3 b5 17. g4 Nc5 18. Rfc1 Bb7 19. Qe2 Qa5 20. Be1 Qb6 21. Kh2 Qc6 22. Nd4 Qc7 23. Bd2 d5 24. e5 Nfe4 25. Nxe4 Nxe4 26. Bxe4 dxe4 27. c4 Qd7 28. Be3 b4 29. Rd1 Qc7 30. Nb3 Rfd8 31. Nd2 Rac8 32. Bf2 Qc6 33. Be3 Qc7 34. a3 a5 35. axb4 Bxb4 36. Rdc1 Rd7 37. Rc2 Rcd8 38. Nf1 Rd3 39. Ng3 Qc6 40. Qf2 Rd1 41. Rxd1 Rxd1 42. h4 Rd3 43. Qe2 Kh7 44. Qf2 Rc3 45. Rxc3 Bxc3 46. c5 Bb4 47. f5 Bc8 48. f6 Bxc5 49. fxg7 Bxe3 50. Qxf7 Bg1+ 51. Kh3 h5 52. g8Q+ Kh6 53. Qxh5# 1-0

[Event "South America School-ch 33rd"]
[Site "Cochabamba"]
[Date "2017.12.05"]
[Round "2.2"]
[White "Mamani, Anahi"]
[Black "Sosa, Ines"]
[Result "1/2-1/2"]
[WhiteElo "1837"]
[BlackElo "1217"]
[PlyCount "48"]
[EventDate "2017.12.05"]
[EventType "team-tourn"]
[EventRounds "9"]
[EventCountry "BOL"]
[SourceTitle "CBM 182 Extra"]
[Source "ChessBase"]
[SourceDate "2018.02.23"]
[SourceVersion "1"]
[SourceVersionDate "2018.02.23"]
[SourceQuality "1"]
[WhiteTeam "Bolivia"]
[BlackTeam "Uruguay"]
[WhiteTeamCountry "BOL"]
[BlackTeamCountry "URU"]

1. e4 e5 2. Nf3 Nc6 3. Bc4 Nf6 4. d3 Bc5 5. c3 a6 6. Nbd2 0-0 7. 0-0 d6 8. Bb3 Ne7 9. d4 exd4 10. cxd4 Ba7 11. h3 Ng6 12. Re1 Be6 13. Bc2 Nf4 14. Nf1 N6h5 15. Bxf4 Nxf4 16. Ng3 Re8 17. Qd2 Qf6 18. Nf5 Bxf5 19. Qxf4 Bg6 20. Qxf6 gxf6 21. Rad1 d5 22. Nh4 Bxe4 23. Bxe4 dxe4 24. Nf5 Rad8 1/2-1/2

[Event "La Paz Fundacion op"]
[Site "La Paz"]
[Date "2017.10.22"]
[Round "6"]
[White "Delcadillo, Felipe"]
[Black "Mamani, Anahi"]
[Result "0-1"]
[WhiteElo "1990"]
[BlackElo "1790"]
[PlyCount "112"]
[EventDate "2017.10.21"]
[EventType "swiss"]
[EventRounds "6"]
[EventCountry "BOL"]
[SourceTitle "CBM 181 Extra"]
[Source "ChessBase"]
[SourceDate "2017.12.12"]
[SourceVersion "1"]
[SourceVersionDate "2017.12.12"]
[SourceQuality "1"]

1. d4 d5 2. Nf3 c6 3. Bf4 Qb6 4. Qc1 Nf6 5. e3 Bf5 6. Nbd2 e6 7. Nh4 Bg6 8. Nxg6 hxg6 9. h3 Nbd7 10. Bd3 Be7 11. c3 c5 12. Qc2 Rc8 13. Qb1 Nh5 14. Bh2 g5 15. Be2 g6 16. a4 f5 17. Bb5 a6 18. Be2 Nhf6 19. a5 Qd8 20. f3 Kf7 21. Rf1 cxd4 22. exd4 Kg7 23. Qd3 Rh7 24. Bg3 Nh5 25. Bh2 Nf8 26. Be5+ Bf6 27. Bxf6+ Qxf6 28. 0-0-0 Nf4 29. Qe3 Nxg2 30. Qf2 Nf4 31. Rh1 Nxh3 32. Qg3 Nf4 33. Rxh7+ Nxh7 34. Qh2 Qxd4 35. Kb1 Qe3 36. Rh1 Nf6 37. Bd1 N6h5 38. Nb3 e5 39. Nc1 d4 40. Qc2 dxc3 41. Qb3 c2+ 42. Bxc2 Qxb3 43. Bxb3 Rc5 44. Rd1 Nf6 45. Rd6 Rxa5 46. Bc4 Rc5 47. Bf1 Rc7 48. Rb6 Rd7 49. Bc4 N6d5 50. Rb3 b5 51. Bd3 Kf6 52. Bc2 Rc7 53. Ra3 Nb4 54. Bb3 Rh7 55. Bc2 Rh1 56. Rc3 Ne2 0-1

[Event "Wch U14 Girls"]
[Site "Montevideo"]
[Date "2017.09.24"]
[Round "9"]
[White "He, Emma"]
[Black "Mamani, Anahi"]
[Result "0-1"]
[WhiteElo "1664"]
[BlackElo "1834"]
[PlyCount "120"]
[EventDate "2017.09.17"]
[EventType "swiss"]
[EventRounds "11"]
[EventCountry "URU"]
[SourceTitle "CBM 180 Extra"]
[Source "ChessBase"]
[SourceDate "2017.10.06"]
[SourceVersion "1"]
[SourceVersionDate "2017.10.06"]
[SourceQuality "1"]

1. e4 c5 2. Nf3 g6 3. c3 d5 4. exd5 Qxd5 5. d4 cxd4 6. cxd4 Bg7 7. Nc3 Qd8 8. Bf4 Bd7 9. Be2 Nf6 10. 0-0 Qb6 11. Qd2 0-0 12. Rac1 Bc6 13. Rfd1 e6 14. Ne5 Qd8 15. h4 Nd5 16. Nxd5 Bxd5 17. h5 f6 18. Nc4 g5 19. Bh2 Nc6 20. Nd6 Qe7 21. Bc4 Bxc4 22. Rxc4 Rfd8 23. Ne4 h6 24. Qe3 f5 25. Nc3 Rd7 26. Ne2 Rad8 27. f4 g4 28. Bg3 Rd6 29. Bf2 b5 30. Rcc1 Nxd4 31. Nxd4 Bxd4 32. Qb3 Bxf2+ 33. Kxf2 Rxd1 34. Rxd1 Qc5+ 35. Ke2 Re8 36. Qd3 Qc4 37. Qxc4 bxc4 38. Rc1 Rb8 39. Rc2 Kf7 40. Ke3 Kf6 41. Kd4 Rd8+ 42. Kxc4 Rc8+ 43. Kd3 Rxc2 44. Kxc2 e5 45. fxe5+ Kxe5 46. Kd3 Kf4 47. Ke2 a5 48. a3 a4 49. Kf2 Ke4 50. Kg3 Ke3 51. Kh2 Kf2 52. g3 f4 53. gxf4 g3+ 54. Kh3 g2 55. Kg4 g1Q+ 56. Kf5 Qg7 57. Ke6 Qxb2 58. f5 Qxa3 59. f6 Qf8 60. f7 a3 0-1

[Event "Wch U14 Girls"]
[Site "Montevideo"]
[Date "2017.09.19"]
[Round "4"]
[White "Mamani, Anahi"]
[Black "Ehsani, Yassamin L"]
[Result "1-0"]
[WhiteElo "1834"]
[BlackElo "1634"]
[PlyCount "131"]
[EventDate "2017.09.17"]
[EventType "swiss"]
[EventRounds "11"]
[EventCountry "URU"]
[SourceTitle "CBM 180 Extra"]
[Source "ChessBase"]
[SourceDate "2017.10.06"]
[SourceVersion "1"]
[SourceVersionDate "2017.10.06"]
[SourceQuality "1"]

1. e4 c5 2. Nf3 d6 3. d4 cxd4 4. Nxd4 Nf6 5. Nc3 a6 6. h3 e6 7. g4 Be7 8. Bg2 0-0 9. 0-0 e5 10. Nde2 Nc6 11. Be3 Be6 12. Ng3 Ne8 13. Qd2 h6 14. Nd5 Bg5 15. Bxg5 Qxg5 16. Qxg5 hxg5 17. Rfd1 Bxd5 18. Rxd5 Nd4 19. c3 Ne6 20. Nf5 Rd8 21. Rad1 Rd7 22. Nxd6 Rxd6 23. Rxd6 Nxd6 24. Rxd6 Rd8 25. Rd5 Rxd5 26. exd5 Nd8 27. Kf1 Kf8 28. c4 b6 29. b4 Nb7 30. Be4 Ke7 31. Bf5 Kd8 32. Ke2 g6 33. Bd3 a5 34. a3 Kc7 35. Kd2 Kd6 36. Kc3 Nd8 37. Kb3 axb4 38. axb4 b5 39. c5+ Kxd5 40. Bxb5 f5 41. Be8 e4 42. Bxg6 f4 43. Kc3 f3 44. Kd2 Kd4 45. Be8 Ne6 46. c6 Nc7 47. Bf7 Ke5 48. Ke3 Kf6 49. Bc4 Ke5 50. b5 Na8 51. Bb3 Nb6 52. c7 Nc8 53. Bg8 Nb6 54. Kd2 Kf4 55. Be6 e3+ 56. Ke1 e2 57. c8Q Nxc8 58. Bxc8 Ke5 59. Bb7 Kd6 60. Bxf3 Kc5 61. Bxe2 Kb6 62. f4 gxf4 63. g5 f3 64. Bxf3 Kxb5 65. g6 Kc5 66. g7 1-0